[Event "Wch Seniors 23rd 2013"]
[Site "Rijeka"]
[Date "2013.11.16"]
[Round "5.91"]
[White "Peierl, Walter"]
[Black "Baumgarten, Werner"]
[Result "1/2-1/2"]
[WhiteElo "1834"]
[BlackElo "1943"]
[PlyCount "37"]
[EventDate "2013.11.12"]

1. e4 c6 2. d4 d5 3. exd5 cxd5 4. c4 Nf6 5. Nf3 Bg4 6. Nc3 Nc6 7. Be3 e6 8. Bd3
Be7 9. a3 O-O 10. c5 e5 11. Be2 e4 12. Nd2 Bxe2 13. Qxe2 Bxc5 14. dxc5 d4 15.
Ncxe4 Nxe4 16. Nxe4 dxe3 17. fxe3 Qh4+ 18. Nf2 Rfe8 19. O-O 1/2-1/2

[Event "Wch Seniors 23rd 2013"]
[Site "Rijeka"]
[Date "2013.11.16"]
[Round "5.94"]
[White "Zilbershtein, Victor"]
[Black "Filzmaier, Bruno"]
[Result "0-1"]
[WhiteElo "1780"]
[BlackElo "1895"]
[PlyCount "30"]
[EventDate "2013.11.12"]

1. d4 e6 2. e3 d5 3. c4 Nf6 4. a3 c5 5. Nc3 Be7 6. Bd3 b6 7. cxd5 exd5 8. Nf3
O-O 9. Ne5 Bb7 10. O-O Nbd7 11. Qc2 h6 12. b3 Rc8 13. Nxd7 Nxd7 14. Bb5 cxd4
15. exd4 Bf6 {Dirty manuscript!} 0-1

[Event "Wch Seniors 23rd 2013"]
[Site "Rijeka"]
[Date "2013.11.16"]
[Round "5.95"]
[White "Bianco Diaz, Rogelio Jose"]
[Black "Wilson, F  Leon"]
[Result "1-0"]
[WhiteElo "1891"]
[BlackElo "1591"]
[PlyCount "45"]
[EventDate "2013.11.12"]

1. d4 Nf6 2. f4 d5 3. Nf3 c5 4. e3 Bf5 5. c3 c4 6. Be2 g6 7. O-O Bg7 8. Ne5 O-O
9. g4 Bxb1 10. Rxb1 Qa5 11. a3 e6 12. Bf3 Nfd7 13. e4 Nxe5 14. fxe5 b5 15. exd5
Na6 16. dxe6 Rac8 17. exf7+ Rxf7 18. Bd5 Rcf8 19. Rxf7 Rxf7 20. Qf3 Qc7 21.
Bxf7+ Qxf7 22. Qxf7+ Kxf7 23. Bg5 1-0

[Event "Wch Seniors 23rd 2013"]
[Site "Rijeka"]
[Date "2013.11.16"]
[Round "5.96"]
[White "Borensztajn, David"]
[Black "Thonig, Manfred"]
[Result "1/2-1/2"]
[WhiteElo "1869"]
[BlackElo "1553"]
[PlyCount "66"]
[EventDate "2013.11.12"]

1. d4 e6 2. c4 f5 3. Nc3 Nf6 4. g3 Bb4 5. Bg2 O-O 6. a3 Bxc3+ 7. bxc3 Nc6 8.
Nf3 Ne4 9. Qd3 Qf6 10. Bf4 d6 11. Nd2 Nxd2 12. Bxd2 Rb8 13. O-O Na5 14. e4 Nb3
15. Ra2 Nxd2 16. Rxd2 b6 17. exf5 exf5 18. f4 Bb7 19. Bxb7 Rxb7 20. Re1 Rbb8
21. Rde2 Kf7 22. Qf3 Qd8 23. Qd5+ Kg6 24. Re6+ Rf6 25. g4 fxg4 26. Qg5+ Kf7 27.
Re7+ Qxe7 28. Rxe7+ Kxe7 29. Qxg7+ Rf7 30. Qg5+ Kf8 31. Qh6+ Rg7 32. f5 Kg8 33.
Qe6+ Rf7 1/2-1/2

[Event "Wch Seniors 23rd 2013"]
[Site "Rijeka"]
[Date "2013.11.16"]
[Round "5.98"]
[White "Milosevic, Bozidar"]
[Black "Nielsen, Peter"]
[Result "1-0"]
[WhiteElo "1734"]
[BlackElo "1769"]
[PlyCount "65"]
[EventDate "2013.11.12"]

1. e4 c5 2. Bc4 Nc6 3. Nf3 e6 4. Nc3 a6 5. a4 Qc7 6. d3 g6 7. Ne2 Bg7 8. Ba2
Nge7 9. c3 b5 10. Bf4 d6 11. axb5 axb5 12. O-O O-O 13. Qd2 Re8 14. h4 Bd7 15.
Bh2 b4 16. g4 e5 17. Ng5 Rf8 18. Bxf7+ Kh8 19. Rxa8 Rxa8 20. Bb3 Nd8 21. f3 h6
22. Nh3 Be6 23. c4 Ndc6 24. Nf2 Qb8 25. f4 Kh7 26. f5 gxf5 27. gxf5 Bxf5 28.
exf5 Nxf5 29. Ne4 Qc8 30. Qe1 Ne3 31. Rf3 Qg4+ 32. N2g3 Nd4 33. Qxe3 1-0

[Event "Wch Seniors 23rd 2013"]
[Site "Opatija"]
[Date "2013.11.18"]
[Round "6.2"]
[White "Mochalov, Evgeny V"]
[Black "Kupreichik, Viktor D"]
[Result "1/2-1/2"]
[WhiteElo "2404"]
[BlackElo "2454"]
[PlyCount "29"]
[EventDate "2013.11.12"]

1. d4 d5 2. c4 dxc4 3. Nf3 Nf6 4. e3 e6 5. Bxc4 c5 6. dxc5 Bxc5 7. Qxd8+ Kxd8
8. a3 Bd6 9. Nbd2 Nc6 10. Be2 Ne5 11. Nxe5 Bxe5 12. Nc4 Bc7 13. Bd2 Bd7 14. Bc3
Bc6 15. Be5 1/2-1/2

[Event "Wch Seniors 23rd 2013"]
[Site "Opatija"]
[Date "2013.11.18"]
[Round "6.3"]
[White "Vaisser, Anatoly"]
[Black "Mishuchkov, Nikolai M"]
[Result "1-0"]
[WhiteElo "2523"]
[BlackElo "2367"]
[PlyCount "141"]
[EventDate "2013.11.12"]

1. d4 Nf6 2. Nf3 e6 3. Bf4 c5 4. e3 Be7 5. h3 b6 6. Nc3 d5 7. Nb5 Na6 8. c3 O-O
9. a4 Ne8 10. a5 Bb7 11. Be2 Nd6 12. O-O c4 13. Bxd6 Bxd6 14. b3 cxb3 15. Qxb3
Nc7 16. Nxd6 Qxd6 17. Rfb1 Rfb8 18. Qb4 Qxb4 19. cxb4 f6 20. Rc1 Ba6 21. Bxa6
Nxa6 22. b5 Nb4 23. Rc7 bxa5 24. Rxa5 Rb6 25. g4 a6 26. bxa6 Raxa6 27. Rac5
Ra1+ 28. Kg2 Na6 29. R5c6 Nxc7 30. Rxb6 Ra7 31. Ne1 Kf7 32. Nd3 g5 33. Nc5 Ke7
34. Rc6 Kf7 35. Kg3 h6 36. Rd6 Nb5 37. Rxe6 Ra3 38. Ra6 Rc3 39. Nd7 Nxd4 40.
Nxf6 Ne2+ 41. Kg2 d4 42. Ne4 Rc2 43. Rxh6 dxe3 44. Nd6+ Kf8 45. fxe3 Nd4+ 46.
Kg3 Kg7 47. Rh5 Ne6 48. Nf5+ Kf8 49. Rh6 Nc5 50. Kf3 Ra2 51. Rf6+ Ke8 52. Rg6
Rh2 53. Rxg5 Rxh3+ 54. Kg2 Rh8 55. Nd6+ Ke7 56. Rxc5 Kxd6 57. Rf5 Ke6 58. Kg3
Rh1 59. Kf4 Rf1+ 60. Kg5 Re1 61. Rf3 Ke5 62. Kg6 Ke4 63. Rf8 Rg1 64. g5 Kxe3
65. Kh6 Rh1+ 66. Kg7 Ke4 67. g6 Ke5 68. Re8+ Kd6 69. Kg8 Kd7 70. Re4 Rg1 71. g7
1-0

[Event "Wch Seniors 23rd 2013"]
[Site "Opatija"]
[Date "2013.11.18"]
[Round "6.4"]
[White "Vasiukov, Evgeni"]
[Black "Barle, Janez"]
[Result "1-0"]
[WhiteElo "2457"]
[BlackElo "2356"]
[PlyCount "63"]
[EventDate "2013.11.12"]

1. e4 c5 2. Nf3 a6 3. c4 Nc6 4. d4 cxd4 5. Nxd4 Nf6 6. Nc3 e5 7. Nb3 Bb4 8. Bd3
d6 9. O-O Bxc3 10. bxc3 b6 11. Ba3 O-O 12. Bc2 Ne8 13. Qd3 Be6 14. Rfd1 Qg5 15.
Rab1 Rc8 16. Qe2 Qe7 17. f4 f5 18. fxe5 Nxe5 19. exf5 Bxf5 20. Bxf5 Rxf5 21.
Nd4 Rf7 22. Rxb6 Rxc4 23. Qe1 Ra4 24. Rb3 g6 25. h3 Kg7 26. Qg3 h6 27. Re1 Kh7
28. Kh2 Qf6 29. Bxd6 Nxd6 30. Rxe5 Re7 31. Rxe7+ Qxe7 32. Rb6 1-0

[Event "Wch Seniors 23rd 2013"]
[Site "Opatija"]
[Date "2013.11.18"]
[Round "6.5"]
[White "Shvedchikov, Anatoli I"]
[Black "Suba, Mihai"]
[Result "1/2-1/2"]
[WhiteElo "2363"]
[BlackElo "2413"]
[PlyCount "131"]
[EventDate "2013.11.12"]

1. c4 Nf6 2. Nc3 c5 3. g3 e6 4. Nf3 b6 5. Bg2 Bb7 6. O-O d6 7. d4 cxd4 8. Qxd4
a6 9. Rd1 Be7 10. Bg5 Nbd7 11. Bxf6 Nxf6 12. Ng5 Qc7 13. Bxb7 Qxb7 14. Nge4 Rd8
15. Rac1 O-O 16. Qd3 Nxe4 17. Qxe4 Qxe4 18. Nxe4 f5 19. Nc3 Rc8 20. b3 Rc6 21.
a4 Kf7 22. Na2 Ra8 23. Nb4 Rc7 24. Nd3 Rac8 25. Kg2 g6 26. Kf3 Bg5 27. e3 Be7
28. h3 Rf8 29. Ke2 h5 30. h4 Rfc8 31. Kf3 Bf8 32. Ke2 Kf6 33. Kf3 a5 34. Rb1
Bh6 35. Nf4 Rd7 36. Rd2 Kf7 37. Rbd1 Bf8 38. e4 Rc5 39. Re2 fxe4+ 40. Rxe4 Rf5
41. Kg2 d5 42. cxd5 exd5 43. Red4 Bc5 44. Rxd5 Rdxd5 45. Rxd5 Rxd5 46. Nxd5 Ke6
47. Nf4+ Kf5 48. Kf3 Bf8 49. Nd3 Bd6 50. Ke3 Bb8 51. f4 Bd6 52. Kf3 Be7 53. Ne5
Bc5 54. Nc4 Bg1 55. Nd6+ Ke6 56. Ne4 Bd4 57. g4 hxg4+ 58. Kxg4 Kd5 59. Kf3 Bb2
60. Nd2 Bf6 61. Nc4 Bxh4 62. Nxb6+ Kc5 63. Nc4 Kb4 64. Ke4 Bd8 65. f5 gxf5+ 66.
Kxf5 1/2-1/2

[Event "Wch Seniors 23rd 2013"]
[Site "Opatija"]
[Date "2013.11.18"]
[Round "6.7"]
[White "Kakageldyev, Amanmurad"]
[Black "Karason, Askell O"]
[Result "1/2-1/2"]
[WhiteElo "2384"]
[BlackElo "2220"]
[PlyCount "114"]
[EventDate "2013.11.12"]

1. d4 d6 2. c4 e5 3. Nf3 e4 4. Nfd2 f5 5. e3 Nf6 6. f3 exf3 7. Nxf3 g6 8. Bd3
Bg7 9. O-O O-O 10. Nc3 Nc6 11. a3 a5 12. Qc2 Kh8 13. Bd2 Bd7 14. Rae1 Nh5 15.
Ne2 g5 16. d5 Ne5 17. Nxe5 Bxe5 18. Bxf5 Bxf5 19. Rxf5 Rxf5 20. Qxf5 Ng7 21.
Qf7 Qe8 22. Qxe8+ Rxe8 23. Nc3 g4 24. Rf1 Kg8 25. Nb5 c6 26. dxc6 bxc6 27. Nd4
c5 28. Nb5 Bxb2 29. Nxd6 Re6 30. Nb5 a4 31. Rb1 Be5 32. Rd1 Nf5 33. Bc1 g3 34.
h3 Ba1 35. Bd2 Bg7 36. Rf1 Nxe3 37. Re1 Bd4 38. Bxe3 Bxe3+ 39. Kf1 h5 40. Nc7
Rf6+ 41. Ke2 Bd4 42. Kd3 Rf2 43. Re2 Rf1 44. Ne6 Bf2 45. Ke4 Ra1 46. Kf5 Rxa3
47. Rd2 Kf7 48. Rd7+ Ke8 49. Ra7 Bd4 50. Ke4 Re3+ 51. Kd5 a3 52. Nxd4 cxd4 53.
Kxd4 Re2 54. Rxa3 Rxg2 55. h4 Ke7 56. Ke4 Rc2 57. Rxg3 Rxc4+ 1/2-1/2

[Event "Wch Seniors 23rd 2013"]
[Site "Opatija"]
[Date "2013.11.18"]
[Round "6.8"]
[White "Balashov, Yuri S"]
[Black "La Rota, Fabio"]
[Result "1-0"]
[WhiteElo "2440"]
[BlackElo "2258"]
[PlyCount "61"]
[EventDate "2013.11.12"]

1. e4 c6 2. Nf3 d5 3. Nc3 dxe4 4. Nxe4 Nf6 5. Ng3 e6 6. d4 c5 7. c3 Be7 8. Bd3
Nc6 9. dxc5 Bxc5 10. Qe2 O-O 11. Bg5 Be7 12. Rd1 Qc7 13. O-O Rd8 14. Bc2 Bd7
15. Ne4 Nd5 16. Bc1 Be8 17. g3 Rac8 18. Rfe1 Ne5 19. Nd4 Ng6 20. Ng5 Nf8 21.
Bb3 Bc5 22. Ngf3 Be7 23. Ne5 a6 24. Nf5 Bf6 25. Bxd5 exf5 26. Bf4 Qa5 27. Nc4
Qc5 28. Nd6 g5 29. Nxb7 Qb6 30. Nxd8 Rxd8 31. Be5 1-0

[Event "Wch Seniors 23rd 2013"]
[Site "Opatija"]
[Date "2013.11.18"]
[Round "6.9"]
[White "Cebalo, Miso"]
[Black "Jorgensen, Jorgen"]
[Result "1/2-1/2"]
[WhiteElo "2415"]
[BlackElo "2257"]
[PlyCount "91"]
[EventDate "2013.11.12"]

1. d4 f5 2. Bg5 g6 3. e3 Bg7 4. c4 d6 5. Nc3 Nc6 6. f3 h6 7. Bh4 Nf6 8. Bd3 O-O
9. Nge2 e5 10. O-O g5 11. Bf2 Kh8 12. a3 exd4 13. exd4 d5 14. Qc2 Ne7 15. cxd5
Nfxd5 16. Rad1 f4 17. Rfe1 c6 18. Nxd5 Nxd5 19. Be4 Be6 20. Nc3 Qd6 21. Bxd5
Bxd5 22. Nxd5 Qxd5 23. Re7 Rf7 24. Rxf7 Qxf7 25. Qc5 a6 26. h4 Rd8 27. Re1 Rd5
28. Qe7 Rd7 29. Qxf7 Rxf7 30. hxg5 hxg5 31. Kh2 Bf6 32. Re8+ Kg7 33. Re4 Kg6
34. g3 fxg3+ 35. Bxg3 Rd7 36. Be5 Bxe5+ 37. dxe5 Re7 38. Kg3 Kf5 39. Rd4 Kxe5
40. Rd8 Rf7 41. Rg8 Kf5 42. b4 Rd7 43. Rf8+ Kg6 44. Rg8+ Kf5 45. Rf8+ Kg6 46.
Rg8+ 1/2-1/2

[Event "Wch Seniors 23rd 2013"]
[Site "Opatija"]
[Date "2013.11.18"]
[Round "6.10"]
[White "Blechzin, Igor"]
[Black "Turikov, Viktor"]
[Result "1/2-1/2"]
[WhiteElo "2411"]
[BlackElo "2256"]
[PlyCount "32"]
[EventDate "2013.11.12"]

1. d4 d5 2. Nf3 Nf6 3. c4 c6 4. Nc3 dxc4 5. a4 Bf5 6. e3 e6 7. Bxc4 Bb4 8. O-O
O-O 9. Qe2 Nbd7 10. h3 Ne4 11. Nxe4 Bxe4 12. Bd3 Nf6 13. Bxe4 Nxe4 14. Nd2 Nxd2
15. Bxd2 Bxd2 16. Qxd2 Qd5 1/2-1/2

[Event "Wch Seniors 23rd 2013"]
[Site "Opatija"]
[Date "2013.11.18"]
[Round "6.11"]
[White "Gergel, Vladimir P"]
[Black "Kristiansen, Jens"]
[Result "0-1"]
[WhiteElo "2237"]
[BlackElo "2407"]
[PlyCount "120"]
[EventDate "2013.11.12"]

1. e4 g6 2. Nf3 Bg7 3. d4 d6 4. c3 Nf6 5. Bd3 O-O 6. O-O Nc6 7. Bg5 h6 8. Bh4
Nh5 9. Re1 Nf4 10. Bf1 g5 11. Bg3 e5 12. dxe5 dxe5 13. Nbd2 Qf6 14. Nc4 Be6 15.
Ne3 Ne7 16. Qc2 h5 17. Rad1 Nfg6 18. h3 Rae8 19. Nd2 Bh6 20. Ndc4 Nf4 21. b3 g4
22. hxg4 hxg4 23. Nd5 Nexd5 24. exd5 Bf5 25. Qb2 Bd7 26. a4 Bg7 27. Ne3 a6 28.
c4 Qg5 29. c5 f5 30. c6 bxc6 31. dxc6 Bxc6 32. Bxa6 Nh5 33. Bc4+ Kh8 34. Qc1 f4
35. Nf1 Bh6 36. Bh2 g3 37. fxg3 fxg3 38. Nxg3 Qxc1 39. Rxc1 Bxc1 40. Rxc1 Nf4
41. Ne2 Rf6 42. Bxf4 exf4 43. Nd4 Bb7 44. Kf2 c5 45. Nf3 Re3 46. Rh1+ Kg7 47.
Rh5 Bxf3 48. gxf3 Rd6 49. Rd5 Rxd5 50. Bxd5 Rd3 51. Bc4 Rd2+ 52. Ke1 Ra2 53.
Kd1 Kf6 54. Kc1 Ke5 55. Kb1 Rf2 56. a5 Rxf3 57. a6 Rh3 58. Kb2 Kd6 59. Kc2 Kc6
60. Kd2 Re3 0-1

[Event "Wch Seniors 23rd 2013"]
[Site "Opatija"]
[Date "2013.11.18"]
[Round "6.12"]
[White "Chernikov, Oleg L"]
[Black "Lederman, Leon"]
[Result "1/2-1/2"]
[WhiteElo "2400"]
[BlackElo "2245"]
[PlyCount "82"]
[EventDate "2013.11.12"]

1. Nf3 Nf6 2. c4 c6 3. e3 d5 4. Nc3 a6 5. a4 e6 6. d4 Nbd7 7. Bd3 Bd6 8. e4
dxe4 9. Nxe4 Nxe4 10. Bxe4 O-O 11. O-O Nf6 12. Bc2 h6 13. c5 Bc7 14. b4 b6 15.
cxb6 Bxb6 16. a5 Bc7 17. Qd3 Qd5 18. Re1 Rd8 19. Bb2 Rb8 20. Bc3 Bd6 21. Rab1
Qb5 22. Ne5 Qxd3 23. Nxd3 Nd5 24. Bd2 Nc7 25. Rb3 Nb5 26. Be3 Bc7 27. Ne5 Bb7
28. Rd1 f6 29. Nf3 g5 30. Rbd3 Kf7 31. Nd2 Bd6 32. Rb1 f5 33. f3 Be7 34. Nc4
Bf6 35. Rbd1 Rd5 36. Bb3 Ke7 37. Ne5 Rd6 38. Nc4 Rd5 39. Nb6 Rd6 40. Nc4 Rd5
41. Ne5 Rd6 1/2-1/2

[Event "Wch Seniors 23rd 2013"]
[Site "Opatija"]
[Date "2013.11.18"]
[Round "6.13"]
[White "Herzog, Adolf"]
[Black "Agzamov, Valery"]
[Result "1-0"]
[WhiteElo "2379"]
[BlackElo "2183"]
[PlyCount "81"]
[EventDate "2013.11.12"]

1. f4 Nf6 2. Nf3 g6 3. d3 d5 4. g3 Bg7 5. Bg2 c6 6. O-O Ng4 7. h3 Qb6+ 8. d4
Nf6 9. Nc3 Bf5 10. g4 Be4 11. e3 Bxf3 12. Bxf3 h5 13. g5 Ng8 14. f5 gxf5 15.
Bxh5 e6 16. Kg2 Ne7 17. Na4 Qd8 18. Nc5 Qc8 19. Bd2 b6 20. Nd3 Nd7 21. Be1 Nf8
22. Bg3 Nfg6 23. Qe2 Qb7 24. a4 a5 25. Rh1 f6 26. Nf4 Kf7 27. h4 fxg5 28. hxg5
Qa6 29. Qf3 Qc4 30. c3 Qb3 31. Raf1 Qc2+ 32. Kg1 Rag8 33. Rh2 Qe4 34. Qf2 Rxh5
35. Rxh5 e5 36. Nxg6 Kxg6 37. Rh4 f4 38. dxe5 Qxe3 39. Rxf4 Qxf2+ 40. R4xf2
Kxg5 41. Rg2 1-0

[Event "Wch Seniors 23rd 2013"]
[Site "Opatija"]
[Date "2013.11.18"]
[Round "6.14"]
[White "Vokoun, Jan"]
[Black "Karasev, Vladimir I"]
[Result "1/2-1/2"]
[WhiteElo "2185"]
[BlackElo "2377"]
[PlyCount "193"]
[EventDate "2013.11.12"]

1. e4 c5 2. Nf3 e6 3. c3 Nf6 4. e5 Nd5 5. d4 cxd4 6. cxd4 d6 7. Bc4 Be7 8. O-O
Nc6 9. Qe2 Nb6 10. Bb3 d5 11. Nc3 a6 12. Bc2 Nc4 13. a3 b5 14. Nd1 Qb6 15. Qd3
b4 16. axb4 Bd7 17. Ba4 Nxb4 18. Bxd7+ Kxd7 19. Qb1 Nc6 20. Ne3 N4a5 21. Nxd5
exd5 22. Qf5+ Ke8 23. e6 f6 24. Qxd5 Rd8 25. Qh5+ g6 26. Qh6 Bf8 27. Qf4 Bg7
28. Be3 Rd5 29. Rfc1 Nb3 30. Rxc6 Qxc6 31. Qb8+ Ke7 32. Qa7+ Rd7 33. exd7 Nxa1
34. d8=Q+ Kxd8 35. Qxg7 Re8 36. d5 Qd6 37. Nd4 Qxd5 38. Qxf6+ Kd7 39. Qxa6 Ra8
40. Qe2 Nb3 41. Nxb3 Qxb3 42. h4 Ra1+ 43. Kh2 Qb8+ 44. f4 Qd6 45. Qc4 Ra5 46.
b4 Rh5 47. Bf2 Rf5 48. Bg3 h5 49. Qe4 Qc6 50. Qe3 Qc4 51. Qb6 Qc6 52. Qd4+ Qd6
53. Qe4 Kc7 54. Kh3 Qd7 55. Kh2 Qc6 56. Qe7+ Kc8 57. Qe3 Qd6 58. Qe4 Kb8 59.
Kh3 Qd7 60. Kh2 Qd6 61. Kh3 Kc8 62. Qc4+ Kd7 63. Qe4 Rb5 64. f5 gxf5 65. Qe2
Qxb4 66. Qxh5 Qe7 67. Qh6 Qe6 68. Bf4 Rb3+ 69. Kh2 Qxh6 70. Bxh6 Ke6 71. Bf4
Rb4 72. g3 Kd5 73. h5 Ke6 74. Kg2 Kf6 75. Kf2 Rb1 76. Kg2 Rb3 77. Kf2 Kg7 78.
Kg2 Rb1 79. Kh2 Kh7 80. Kg2 Rb3 81. Kf2 Rb2+ 82. Kg1 Ra2 83. Kh1 Kg7 84. Kg1
Kf6 85. Kh1 Ke6 86. Kg1 Kd5 87. Kh1 Rb2 88. Kg1 Re2 89. Kh1 Ra2 90. Kg1 Ke4 91.
Kh1 Kf3 92. h6 Ra7 93. Kh2 Kg4 94. Be5 Ra2+ 95. Kg1 Ra7 96. Bg7 Kxg3 97. h7
1/2-1/2

[Event "Wch Seniors 23rd 2013"]
[Site "Opatija"]
[Date "2013.11.18"]
[Round "6.15"]
[White "Berkovich, Mark A"]
[Black "Hartung-Nielsen, Jens"]
[Result "1-0"]
[WhiteElo "2357"]
[BlackElo "2219"]
[PlyCount "77"]
[EventDate "2013.11.12"]

1. d4 Nf6 2. Nf3 e6 3. g3 b6 4. Bg2 Bb7 5. O-O Be7 6. c4 O-O 7. d5 exd5 8. Nh4
c6 9. cxd5 Nxd5 10. Nf5 Nf6 11. e4 d5 12. e5 Ne4 13. Bh6 gxh6 14. Bxe4 dxe4 15.
Qg4+ Bg5 16. Rd1 Qxd1+ 17. Qxd1 Bc8 18. Nd6 Be6 19. h4 Be7 20. Nc3 Nd7 21. Qh5
Bxd6 22. exd6 f5 23. Qxh6 Rf6 24. Qf4 Kh8 25. Ne2 Rg8 26. Qc1 Bd5 27. Qc3 c5
28. Nf4 Bf7 29. Rd1 Re8 30. b4 Re5 31. Qa3 cxb4 32. Qxa7 Be8 33. Qc7 Rf7 34.
Qd8 e3 35. fxe3 Rxe3 36. Kf2 Re4 37. Re1 Nf6 38. Rxe4 fxe4 39. d7 1-0

[Event "Wch Seniors 23rd 2013"]
[Site "Opatija"]
[Date "2013.11.18"]
[Round "6.16"]
[White "Dogantug, Ahmet Ismail"]
[Black "Sloth, Jorn"]
[Result "0-1"]
[WhiteElo "2117"]
[BlackElo "2338"]
[PlyCount "66"]
[EventDate "2013.11.12"]

1. e4 e6 2. d3 d5 3. Nd2 Nf6 4. Ngf3 Nc6 5. g3 a5 6. Bg2 dxe4 7. dxe4 e5 8. O-O
Bc5 9. h3 O-O 10. Nh4 Be6 11. c3 Qd7 12. Kh2 Rfd8 13. Qf3 a4 14. a3 Ne7 15. g4
Ng6 16. Nxg6 hxg6 17. Kg1 Qb5 18. Re1 Qc6 19. Nf1 Nd7 20. Be3 Nb6 21. Rad1 Nc4
22. Rxd8+ Rxd8 23. Bc1 Qb6 24. Qe2 c6 25. Bf3 Qa7 26. Kg2 b5 27. Qc2 Rd6 28.
Rd1 Nxa3 29. Qe2 Bc4 30. Rxd6 Bxe2 31. Rd8+ Kh7 32. Bxe2 Nc2 33. Ne3 Nxe3+ 0-1

[Event "Wch Seniors 23rd 2013"]
[Site "Opatija"]
[Date "2013.11.18"]
[Round "6.18"]
[White "Kaminik, Aleksandar"]
[Black "Filipenko, Alexander V"]
[Result "0-1"]
[WhiteElo "2138"]
[BlackElo "2288"]
[PlyCount "100"]
[EventDate "2013.11.12"]

1. d4 d5 2. c4 e6 3. Nc3 c6 4. e3 Nf6 5. Bd3 Nbd7 6. f4 dxc4 7. Bxc4 b5 8. Bd3
Bb7 9. Nf3 a6 10. a4 b4 11. Ne2 c5 12. O-O Be7 13. Ng3 g6 14. Kh1 O-O 15. e4
cxd4 16. Nxd4 Nc5 17. Be3 Nxd3 18. Qxd3 Nxe4 19. Nxe4 Qd5 20. Rfe1 Qxe4 21.
Qxe4 Bxe4 22. Nb3 Bd5 23. Nc5 Rfc8 24. Rac1 Rc6 25. Nd3 Rac8 26. Rxc6 Rxc6 27.
Rc1 Rxc1+ 28. Bxc1 Be4 29. Ne5 f6 30. Nc4 Bd3 31. Na5 Be4 32. Bd2 Bd5 33. Kg1
Bc5+ 34. Kf1 e5 35. fxe5 fxe5 36. g3 Kf7 37. Ke2 Ke6 38. Kd3 Kd7 39. Be1 h5 40.
Kc2 g5 41. h3 g4 42. hxg4 hxg4 43. Nb3 Bxb3+ 44. Kxb3 a5 45. Kc4 Kc6 46. b3 e4
47. Bd2 e3 48. Be1 Bb6 49. Kd3 Kd5 50. Ke2 Ke4 0-1

[Event "Wch Seniors 23rd 2013"]
[Site "Opatija"]
[Date "2013.11.18"]
[Round "6.19"]
[White "Piasetski, Leon"]
[Black "Furman, Boris"]
[Result "1/2-1/2"]
[WhiteElo "2288"]
[BlackElo "2194"]
[PlyCount "74"]
[EventDate "2013.11.12"]

1. c4 e6 2. Nf3 Nf6 3. Nc3 d5 4. d4 Bb4 5. cxd5 exd5 6. Qa4+ Nc6 7. Bg5 h6 8.
Bxf6 Qxf6 9. e3 O-O 10. Be2 Rd8 11. a3 Bf8 12. O-O Be6 13. Rfc1 a6 14. Qc2 Bd6
15. b4 Bf5 16. Qd2 Ne7 17. b5 a5 18. Na4 b6 19. Nc3 Be4 20. Qd1 Nf5 21. Nxe4
dxe4 22. Nd2 Re8 23. Bg4 g6 24. Qc2 Qh4 25. h3 h5 26. Bxf5 gxf5 27. Nc4 f4 28.
Nxd6 cxd6 29. exf4 Qxf4 30. Qe2 e3 31. Rc3 Qxd4 32. Rac1 exf2+ 33. Qxf2 Qxf2+
34. Kxf2 Re5 35. Rc8+ Rxc8 36. Rxc8+ Kg7 37. a4 Re4 1/2-1/2

[Event "Wch Seniors 23rd 2013"]
[Site "Opatija"]
[Date "2013.11.18"]
[Round "6.20"]
[White "Thormann, Wolfgang"]
[Black "Ladisic, Alex-Sacha"]
[Result "1/2-1/2"]
[WhiteElo "2271"]
[BlackElo "1948"]
[PlyCount "70"]
[EventDate "2013.11.12"]

1. b3 e5 2. Bb2 Nc6 3. e3 d6 4. g3 g6 5. Bg2 Bg7 6. Ne2 Bd7 7. O-O Nge7 8. d4
Qc8 9. dxe5 Nxe5 10. Bc3 f6 11. Nf4 O-O 12. Nd5 N5c6 13. Re1 Nxd5 14. Bxd5+ Kh8
15. f4 Qd8 16. Nd2 Qe7 17. Nf3 Rae8 18. Nd4 Qd8 19. Qf3 Nxd4 20. Bxd4 c6 21.
Bc4 d5 22. Bd3 b6 23. c4 c5 24. Bb2 Bc6 25. cxd5 Bxd5 26. e4 Bc6 27. Bc4 Qa8
28. Bd5 Re7 29. Rad1 Rfe8 30. Qd3 Bxd5 31. Qxd5 Qxd5 32. Rxd5 Kg8 33. Kf2 Kf7
34. Kf3 Kf8 35. Rd6 Kf7 1/2-1/2

[Event "Wch Seniors 23rd 2013"]
[Site "Opatija"]
[Date "2013.11.18"]
[Round "6.21"]
[White "Archangelsky, Mikhail"]
[Black "Kiefer, Gerhard"]
[Result "1-0"]
[WhiteElo "2162"]
[BlackElo "2271"]
[PlyCount "89"]
[EventDate "2013.11.12"]

1. d4 Nf6 2. Nf3 c5 3. d5 g6 4. Nc3 Bg7 5. e4 d6 6. Be2 Bg4 7. O-O Bxf3 8. Bxf3
O-O 9. Bf4 Nbd7 10. Be2 a6 11. a4 Rb8 12. a5 b5 13. axb6 Rxb6 14. Ra2 Qc7 15.
b3 Rb4 16. f3 Ng4 17. fxg4 Bxc3 18. Rxa6 Be5 19. Bd2 Rbb8 20. g5 Ra8 21. Rxa8
Rxa8 22. Bg4 Ra2 23. Bxd7 Qxd7 24. Qf3 f6 25. gxf6 exf6 26. Bc3 Qe7 27. Bxe5
fxe5 28. Qf6 Qxf6 29. Rxf6 Rxc2 30. Rxd6 Re2 31. Rc6 Rxe4 32. Rxc5 Rd4 33. Kf2
Kg7 34. Ke3 Kf6 35. Rb5 Kf5 36. g3 g5 37. h3 h5 38. b4 g4 39. hxg4+ Kxg4 40. d6
Rxd6 41. Rxe5 Rf6 42. Kd4 Rf3 43. Re3 Rf8 44. b5 Rc8 45. Rb3 1-0

[Event "Wch Seniors 23rd 2013"]
[Site "Opatija"]
[Date "2013.11.18"]
[Round "6.22"]
[White "Beltz, Robert"]
[Black "Pritchett, Craig W"]
[Result "0-1"]
[WhiteElo "2208"]
[BlackElo "2359"]
[PlyCount "138"]
[EventDate "2013.11.12"]

1. Nf3 Nf6 2. c4 e6 3. g3 b6 4. Bg2 Bb7 5. O-O c5 6. d4 cxd4 7. Qxd4 d6 8. Nc3
a6 9. Bg5 Nbd7 10. Rfd1 Be7 11. Qd2 Rc8 12. b3 O-O 13. Rac1 Qc7 14. Ne1 Rfd8
15. e4 h6 16. Be3 Qb8 17. Qe2 Nc5 18. f3 Bc6 19. Nd3 Nxd3 20. Rxd3 b5 21. cxb5
axb5 22. b4 d5 23. exd5 Nxd5 24. Nxd5 Bxd5 25. Bc5 Bxc5+ 26. bxc5 Qa7 27. Qf2
Qxa2 28. f4 Qxf2+ 29. Kxf2 Bxg2 30. Rxd8+ Rxd8 31. Kxg2 Kf8 32. Rb1 Rb8 33. c6
Ke7 34. c7 Rc8 35. Rxb5 Rxc7 36. Rb2 Rc3 37. h4 h5 38. Rb5 g6 39. Rb7+ Kf6 40.
Rb5 Rd3 41. Rb7 Kg7 42. Kf2 Kf8 43. Rb8+ Ke7 44. Rb7+ Rd7 45. Rb5 Kd6 46. Kf3
Kc6 47. Rb3 Kc5 48. Rc3+ Kd4 49. Rc1 Kd5 50. Rc3 Kd6 51. Ra3 Ke7 52. Ra5 Rd3+
53. Kf2 Kf6 54. Rb5 Rd5 55. Rb6 Kf5 56. Rb7 f6 57. Rb3 Ra5 58. Kf3 Ra6 59. Rc3
e5 60. fxe5 fxe5 61. Rc4 Ra3+ 62. Kf2 Ra2+ 63. Kf3 Rd2 64. Ke3 Rd4 65. Rc5 Re4+
66. Kf3 Rb4 67. Ke3 Rb3+ 68. Kf2 Kg4 69. Rxe5 Rf3+ 0-1

[Event "Wch Seniors 23rd 2013"]
[Site "Opatija"]
[Date "2013.11.18"]
[Round "6.24"]
[White "Stepovoj, Vladimir"]
[Black "Neumann, Joachim"]
[Result "1/2-1/2"]
[WhiteElo "2345"]
[BlackElo "2175"]
[PlyCount "30"]
[EventDate "2013.11.12"]

1. e4 c5 2. Nf3 Nc6 3. Bb5 e6 4. Bxc6 bxc6 5. d3 d5 6. Qe2 Ne7 7. O-O Ng6 8. c4
Be7 9. Nc3 d4 10. Na4 e5 11. Ne1 O-O 12. f4 exf4 13. Bxf4 Nxf4 14. Rxf4 Bg5 15.
Rf1 Qe7 1/2-1/2

[Event "Wch Seniors 23rd 2013"]
[Site "Opatija"]
[Date "2013.11.18"]
[Round "6.26"]
[White "Shevelev, Arkady"]
[Black "Norman, Kenneth I"]
[Result "1-0"]
[WhiteElo "2302"]
[BlackElo "2173"]
[PlyCount "79"]
[EventDate "2013.11.12"]

1. e4 e5 2. Nf3 Nc6 3. Nc3 Nf6 4. d4 exd4 5. Nxd4 Bb4 6. Nxc6 bxc6 7. Bd3 d5 8.
exd5 cxd5 9. O-O O-O 10. Bg5 c6 11. Qf3 Bd6 12. h3 h6 13. Bf4 Rb8 14. b3 Be6
15. Ne2 c5 16. c3 Re8 17. Rad1 Bxf4 18. Nxf4 Qa5 19. Rfe1 Qb6 20. Re2 Qd6 21.
Bc2 Rbd8 22. Nxe6 Rxe6 23. Rxe6 Qxe6 24. b4 cxb4 25. cxb4 Qb6 26. Qd3 Re8 27.
Qd2 Rb8 28. a3 Rc8 29. Bf5 Re8 30. a4 Ne4 31. Qd4 Qb7 32. b5 g6 33. Bg4 Qc7 34.
Qxd5 Nc3 35. Qd7 Qe5 36. Rc1 Nxa4 37. Qxa7 Qf4 38. Ra1 Nc3 39. b6 Qd4 40. b7
1-0

[Event "Wch Seniors 23rd 2013"]
[Site "Opatija"]
[Date "2013.11.18"]
[Round "6.27"]
[White "Vikulov, Alexander"]
[Black "Serra Olives, Tomas"]
[Result "0-1"]
[WhiteElo "2290"]
[BlackElo "2169"]
[PlyCount "60"]
[EventDate "2013.11.12"]

1. d4 Nf6 2. c4 e6 3. g3 c5 4. d5 exd5 5. cxd5 d6 6. Nc3 g6 7. Bg2 Bg7 8. Nf3
O-O 9. O-O Re8 10. Nd2 b6 11. a4 Ba6 12. Nb5 Nbd7 13. h3 Bxb5 14. axb5 a6 15.
Nc4 Ne5 16. Nxe5 Rxe5 17. bxa6 b5 18. Be3 Ne8 19. Ra2 b4 20. Qd3 Qb6 21. Rfa1
Re7 22. Bc1 Rea7 23. e4 Bd4 24. Qc4 Qd8 25. Bf1 Qf6 26. Qc2 b3 27. Bg5 Qf3 28.
Ra3 Qxg3+ 29. Bg2 bxc2 30. Rc1 Nc7 0-1